| 000 | 00870nam a2200289Ia 4500 | ||
|---|---|---|---|
| 005 | 20250425162020.0 | ||
| 008 | 250425s9999 xx 000 0 und d | ||
| 020 | _a8420005509 | ||
| 041 | _aspa | ||
| 082 | _a635.045 | ||
| 100 | _aWILLS, B.A. | ||
| 245 | 0 | _aFISIOLOGIA Y MANIPULACION DE FRUTAS Y HORTALIZAS POST-RECOLECCION | |
| 250 | _a1A ED. | ||
| 260 |
_aEspaña _bACRIBIA _c1984 |
||
| 260 | _aZARAGOZA | ||
| 300 | _a195 | ||
| 500 | _aConsultar D-24177 en BIBTEC.EN CIBGZ-FIMCP D-30792/793 C.2 PARA ING- DE ALIMENTOS.- MHP. | ||
| 500 | _aTítulo Traducido: POSTHARVEST, AN INTRODUCTION TO THE PHYSIOLOGY AND HANDLING OF FRUIT AND VEGETABLES | ||
| 650 | _aALMACENAMIENTO | ||
| 650 | _aFISIOLOGIA VEGETAL | ||
| 650 | _aFRUTAS | ||
| 650 | _aHORTALIZAS | ||
| 700 | _aLEE, T. H. | ||
| 700 | _aMCGLASSON, W. B. | ||
| 942 | _c01 | ||
| 010 | _a40614 | ||
| 999 |
_c220653 _d220653 |
||